Welcome to WEB OPAC of MRSPTU Central Library

Principles of transportation engineering (Record no. 5630)

MARC details
000 -LEADER
fixed length control field 00463nam a2200181Ia 4500
008 - FIXED-LENGTH DATA ELEMENTS--GENERAL INFORMATION
fixed length control field 230711s9999||||xx |||||||||||||| ||und||
020 ## - INTERNATIONAL STANDARD BOOK NUMBER
International Standard Book Number 978-81-203-2084-0
041 ## - LANGUAGE CODE
Language code of text/sound track or separate title ENG
082 ## - DEWEY DECIMAL CLASSIFICATION NUMBER
Classification number 624
Item number CH-T
100 ## - MAIN ENTRY--PERSONAL NAME
Personal name Chakroborty,Partha
245 #0 - TITLE STATEMENT
Title Principles of transportation engineering
250 ## - EDITION STATEMENT
Edition statement 1st . Ed.
260 ## - PUBLICATION, DISTRIBUTION, ETC.
Date of publication, distribution, etc. 2012
Place of publication, distribution, etc. Delhi
Name of publisher, distributor, etc. PHI Learning Private Limited
300 ## - PHYSICAL DESCRIPTION
Extent 520
650 ## - SUBJECT ADDED ENTRY--TOPICAL TERM
Topical term or geographic name entry element Civil Engineering
700 ## - ADDED ENTRY--PERSONAL NAME
Personal name Das,Animesh
942 ## - ADDED ENTRY ELEMENTS (KOHA)
Koha item type Book
Holdings
Withdrawn status Lost status Damaged status Not for loan Collection Home library Current library Date acquired Total checkouts Full call number Barcode Date last seen Date last checked out Price effective from Koha item type
          MRSPTU Central Library MRSPTU Central Library   6 624 CH-T 28454 05/02/2025 04/30/2025 08/17/2023 Book
          MRSPTU Central Library MRSPTU Central Library   6 624 CH-T 28455 05/07/2025 03/20/2025 08/17/2023 Book
          MRSPTU Central Library MRSPTU Central Library     624 CH-T 28456 08/17/2023   08/17/2023 Book
          MRSPTU Central Library MRSPTU Central Library   1 624 CH-T 28457 06/14/2024 01/29/2024 08/17/2023 Book
          MRSPTU Central Library MRSPTU Central Library   2 624 CH-T 28458 02/13/2025 01/28/2025 08/17/2023 Book
          MRSPTU Central Library MRSPTU Central Library   4 624 CH-T 28459 05/07/2025 03/20/2025 08/17/2023 Book
          MRSPTU Central Library MRSPTU Central Library   1 624 CH-T 28460 06/13/2024 02/02/2024 08/17/2023 Book
          MRSPTU Central Library MRSPTU Central Library   5 624 CH-T 28461 03/17/2025 02/24/2025 08/17/2023 Book
          MRSPTU Central Library MRSPTU Central Library   6 624 CH-T 28462 05/02/2025 04/30/2025 08/17/2023 Book
          MRSPTU Central Library MRSPTU Central Library   3 624 CH-T 28463 06/03/2025 01/28/2025 08/17/2023 Book
          MRSPTU Central Library MRSPTU Central Library   1 624 CH-T 28464 02/13/2025 01/28/2025 08/17/2023 Book
          MRSPTU Central Library MRSPTU Central Library   2 624 CH-T 28465 02/21/2025 01/28/2025 08/17/2023 Book
          MRSPTU Central Library MRSPTU Central Library   2 624 CH-T 28466 02/18/2025 01/29/2025 08/17/2023 Book
          MRSPTU Central Library MRSPTU Central Library   2 624 CH-T 28467 08/12/2025 01/23/2025 08/17/2023 Book
          MRSPTU Central Library MRSPTU Central Library   6 624 CH-T 28468 03/12/2025 01/23/2025 08/17/2023 Book
          MRSPTU Central Library MRSPTU Central Library   3 624 CH-T 28469 03/12/2025 02/19/2025 08/17/2023 Book
          MRSPTU Central Library MRSPTU Central Library   5 624 CH-T 28470 04/22/2024 04/04/2024 08/17/2023 Book
          MRSPTU Central Library MRSPTU Central Library   3 624 CH-T 28471 03/04/2025 02/11/2025 08/17/2023 Book
          MRSPTU Central Library MRSPTU Central Library     624 CH-T 28472 08/17/2023   08/17/2023 Book
          MRSPTU Central Library MRSPTU Central Library     624 CH-T 28473 08/17/2023   08/17/2023 Book

Website Designed and Developed by MRSPTU Central Library Team

E-mail Id: librarian@mrsptu.ac.in